header

The book of PF (Record no. 228316)

MARC details
000 -LEADER
fixed length control field 01540nam a2200337 a 4500
082 04 - DEWEY DECIMAL CLASSIFICATION NUMBER
Classification number 005.8
100 1# - MAIN ENTRY--AUTHOR NAME
Personal name Hansteen, Peter N. M.
245 14 - TITLE STATEMENT
Title The book of PF
260 ## - PUBLICATION, DISTRIBUTION, ETC. (IMPRINT)
Place of publication San Francisco :
Name of publisher No Starch Press,
Year of publication c2008.
300 ## - PHYSICAL DESCRIPTION
Number of Pages xix, 159 p. :
Other physical details ill.
500 ## - GENERAL NOTE
General note Includes index.
505 0# - FORMATTED CONTENTS NOTE
Formatted contents note What PF is -- Let's get on with it -- Into the real world -- Wireless networks made easy -- Bigger or trickier networks -- Turning the tables for proactive defense -- Queues, shaping, and redundancy -- Logging, monitoring, and statistics -- Getting your setup just right.
650 #0 - SUBJECT ADDED ENTRY--TOPICAL TERM
Topical Term TCP/IP (Computer network protocol)
Topical Term Firewalls (Computer security)
856 40 - ELECTRONIC LOCATION AND ACCESS
Uniform Resource Identifier http://site.ebrary.com/lib/rucke/Doc?id=10211743

No items available.

© 2026 Rongo University
Contact us: librarian | system librarian | Rongo university